[Event "IRL-chT"]
[Site "Dublin"]
[Date "2019.04.07"]
[Round "5.2"]
[White "Benson, Oisin P"]
[Black "Phelan, John J"]
[Result "1-0"]
[WhiteElo "1953"]
[BlackElo "1675"]
[PlyCount "69"]
[EventDate "2019.04.05"]
[EventType "team-swiss"]
[EventRounds "5"]
[EventCountry "IRL"]
[SourceTitle "CBM 189 Extra"]
[Source "ChessBase"]
[SourceDate "2019.06.03"]
[SourceVersion "1"]
[SourceVersionDate "2019.06.03"]
[SourceQuality "1"]
[WhiteTeam "Trinity"]
[BlackTeam "Bray"]
[WhiteTeamCountry "IRL"]
[BlackTeamCountry "IRL"]

1. d4 d5 2. c4 e5 3. dxe5 d4 4. a3 f6 5. exf6 Qxf6 6. Nf3 Nc6 7. Bg5 Qg6 8. Bf4 Qf7 9. g3 h6 10. Nxd4 Qxc4 11. Nf3 Qf7 12. Bg2 g5 13. Be3 Bg7 14. Nc3 Nge7 15. 0-0 a6 16. Qa4 0-0 17. Rad1 Be6 18. Rd2 Rad8 19. Rxd8 Rxd8 20. Rd1 Rxd1+ 21. Qxd1 Nd5 22. Nxd5 Bxd5 23. Nxg5 Bb3 24. Nxf7 Bxd1 25. Nxh6+ Kh8 26. Nf7+ Kg8 27. Bd5 Ne7 28. Nh6+ Kh8 29. Bxb7 Bxe2 30. b4 c6 31. Nf7+ Kg8 32. Nd8 Bb2 33. Bc5 Bf6 34. Nxc6 Kf7 35. Nb8 1-0

[Event "IRL-chT"]
[Site "Dublin"]
[Date "2019.04.06"]
[Round "2.1"]
[White "Phelan, John J"]
[Black "Carroll, Peter"]
[Result "1/2-1/2"]
[WhiteElo "1675"]
[BlackElo "2006"]
[PlyCount "39"]
[EventDate "2019.04.05"]
[EventType "team-swiss"]
[EventRounds "5"]
[EventCountry "IRL"]
[SourceTitle "CBM 189 Extra"]
[Source "ChessBase"]
[SourceDate "2019.06.03"]
[SourceVersion "1"]
[SourceVersionDate "2019.06.03"]
[SourceQuality "1"]
[WhiteTeam "Bray"]
[BlackTeam "Gonzaga"]
[WhiteTeamCountry "IRL"]
[BlackTeamCountry "IRL"]

1. e4 c5 2. b4 cxb4 3. Bb2 d5 4. exd5 Qxd5 5. Nf3 Nc6 6. c4 bxc3 7. Nxc3 Qd8 8. d4 e6 9. d5 exd5 10. Qxd5 Be6 11. Qb5 Qc7 12. Rd1 Nf6 13. Be2 Be7 14. Nd4 Bd7 15. Qc4 a6 16. 0-0 0-0 17. Nd5 Nxd5 18. Qxd5 Nxd4 19. Qxd4 Bf6 20. Qxd7 1/2-1/2